|
|
|
|
| LEADER |
00997nta a2200229 i 4500 |
| 001 |
dokt426 |
| 005 |
20221013152934.0 |
| 008 |
100510s2006 hu om 0|| eng d |
| 024 |
7 |
|
|a 1117758
|2 mtmt
|
| 040 |
|
|
|a SZTE Doktori Repozitórium
|b hun
|
| 041 |
|
|
|a eng
|
| 100 |
1 |
|
|a Maróti Miklós
|
| 245 |
1 |
0 |
|a Decidability in algebra
|h [elektronikus dokumentum] /
|c Maróti Miklós
|
| 246 |
1 |
0 |
|a Eldönthetőségi problémák az algebrában
|h [elektronikus dokumentum]
|
| 260 |
|
|
|c 2006
|
| 502 |
|
|
|a Disszertacio
|
| 650 |
|
4 |
|a matematika- és számítástudományok
|
| 700 |
1 |
|
|a Szendrei Ágnes
|e ths
|
| 856 |
4 |
0 |
|u https://doktori.bibl.u-szeged.hu/id/eprint/426/3/de_3383.pdf
|z Dokumentum-elérés
|
| 856 |
4 |
0 |
|u https://doktori.bibl.u-szeged.hu/id/eprint/426/1/tz_eredeti3383.pdf
|z Dokumentum-elérés
|
| 856 |
4 |
0 |
|u https://doktori.bibl.u-szeged.hu/id/eprint/426/2/tz_en3383.pdf
|z Dokumentum-elérés
|
| 856 |
4 |
0 |
|u https://doktori.bibl.u-szeged.hu/id/eprint/426/10/2006_maroti_miklos_birl.pdf
|z Dokumentum-elérés
|